| 000 | 01006nam a2200301 a 4500 | ||
|---|---|---|---|
| 001 | 000035971 | ||
| 003 | DO-SdBNP | ||
| 005 | 20171208142443.0 | ||
| 007 | 000035971 | ||
| 008 | 111121s1998 dr a 001 0 spa d | ||
| 020 | _a8489539847 | ||
| 040 |
_aBPMET _bspa _cBPMET |
||
| 092 |
_a793.01922 _bB171t |
||
| 100 | 1 | _aBalaguer, Elizabeth | |
| 245 | 1 | 0 |
_aTrucando / _cElizabeth Balaguer. |
| 246 | 2 | 3 | _aSelección de juegos, canciones y cuentos infantiles tradicionales dominicanos. |
| 260 |
_aSanto Domingo : _bDe Colores, _c1998. |
||
| 300 |
_a157 p. : _bil. ; _c25 cm. |
||
| 500 | _aIncluye vocabulario: p.149-151. | ||
| 504 | _aBibliografía y notas al pie de páginas. | ||
| 504 | _aBibliografía: p. 153-156. | ||
| 650 | 4 |
_aJUEGOS INFANTILES _zREPÚBLICA DOMINICANA |
|
| 650 | 4 |
_aCANCIONES INFANTILES _zREPÚBLICA DOMINICANA |
|
| 910 | _aValidado. Control de calidad EMS | ||
| 942 |
_2ddc _cBK |
||
| 945 | _aInventariado extranjero / 2017 YL | ||
| 956 |
_aVMATEO _b10 _c20150428 _lBPMSU _h00151 |
||
| 999 |
_c7747 _d7747 |
||